| 000 | 00361nam a22001337a 4500 | ||
|---|---|---|---|
| 003 | 1 | ||
| 005 | 20241212145119.0 | ||
| 008 | 241212b xxu||||| |||| 00| 0 eng d | ||
| 020 | _a9781338171495 | ||
| 100 | _aLauren Tarshis | ||
| 245 |
_aI survivednature attacks!: _btrue stories/ _cTashis, Lauren. |
||
| 260 |
_aU.S.A.: _bScholastic, Inc. _c2015 |
||
| 942 |
_2ddc _cBK |
||
| 999 |
_c366818 _d366818 |
||